Introduction to Electromagnetic Compatibility / (Record no. 13538)
[ view plain ]
| 000 -LEADER | |
|---|---|
| fixed length control field | 02585cam a22004574a 4500 |
| 001 - CONTROL NUMBER | |
| control field | 13958972 |
| 005 - DATE AND TIME OF LATEST TRANSACTION | |
| control field | 20070104101033.0 |
| 008 - FIXED-LENGTH DATA ELEMENTS--GENERAL INFORMATION | |
| fixed length control field | 050509s2006 njua |rb 001 0 eng |
| 010 ## - LIBRARY OF CONGRESS CONTROL NUMBER | |
| LC control number | 2005049400 |
| 015 ## - NATIONAL BIBLIOGRAPHY NUMBER | |
| National bibliography number | GBA588347 |
| Source | bnb |
| 016 7# - NATIONAL BIBLIOGRAPHIC AGENCY CONTROL NUMBER | |
| Record control number | 013315673 |
| Source | Uk |
| 020 ## - INTERNATIONAL STANDARD BOOK NUMBER | |
| International Standard Book Number | 0471755001 (alk. paper) |
| 020 ## - INTERNATIONAL STANDARD BOOK NUMBER | |
| International Standard Book Number | 9780471755005 |
| 035 ## - SYSTEM CONTROL NUMBER | |
| System control number | (OCoLC)ocm60373713 |
| 040 ## - CATALOGING SOURCE | |
| Original cataloging agency | DLC |
| Transcribing agency | DLC |
| Modifying agency | BAKER |
| -- | UKM |
| -- | C#P |
| -- | DLC |
| 042 ## - AUTHENTICATION CODE | |
| Authentication code | pcc |
| 050 00 - LIBRARY OF CONGRESS CALL NUMBER | |
| Classification number | TK7867.2 |
| Item number | .P38 2006 |
| 082 00 - DEWEY DECIMAL CLASSIFICATION NUMBER | |
| Classification number | 621.38224 |
| Edition number | 22 |
| Item number | PAU |
| 100 1# - MAIN ENTRY--PERSONAL NAME | |
| Personal name | Paul, Clayton R. |
| 9 (RLIN) | 12020 |
| 245 10 - TITLE STATEMENT | |
| Title | Introduction to Electromagnetic Compatibility / |
| Statement of responsibility, etc | Clayton R. Paul. |
| 250 ## - EDITION STATEMENT | |
| Edition statement | 2nd ed. |
| 260 ## - PUBLICATION, DISTRIBUTION, ETC. (IMPRINT) | |
| Place of publication, distribution, etc | Hoboken, N.J. : |
| Name of publisher, distributor, etc | Wiley-Interscience, 2006 |
| Date of publication, distribution, etc | c2006. |
| 300 ## - PHYSICAL DESCRIPTION | |
| Extent | xxi, 983 p. : |
| Other physical details | ill. ; |
| Dimensions | 25 cm. |
| 490 ## - Series Statement | |
| Series statement | Wiley Series in Microwave and Optical Engineering |
| 504 ## - BIBLIOGRAPHY, ETC. NOTE | |
| Bibliography, etc | Includes bibliographical references and index. |
| 650 #0 - SUBJECT ADDED ENTRY--TOPICAL TERM | |
| Topical term or geographic name as entry element | Electromagnetic compatibility. |
| 9 (RLIN) | 12021 |
| 650 #0 - SUBJECT ADDED ENTRY--TOPICAL TERM | |
| Topical term or geographic name as entry element | Electronic circuits |
| General subdivision | Noise. |
| 9 (RLIN) | 12022 |
| 650 #0 - SUBJECT ADDED ENTRY--TOPICAL TERM | |
| Topical term or geographic name as entry element | Digital electronics. |
| 9 (RLIN) | 12023 |
| 650 #0 - SUBJECT ADDED ENTRY--TOPICAL TERM | |
| Topical term or geographic name as entry element | Shielding (Electricity) |
| 9 (RLIN) | 12024 |
| 856 42 - ELECTRONIC LOCATION AND ACCESS | |
| Materials specified | Publisher description |
| Uniform Resource Identifier | <a href="http://www.loc.gov/catdir/enhancements/fy0625/2005049400-d.html">http://www.loc.gov/catdir/enhancements/fy0625/2005049400-d.html</a> |
| 856 41 - ELECTRONIC LOCATION AND ACCESS | |
| Materials specified | Table of contents only |
| Uniform Resource Identifier | <a href="http://www.loc.gov/catdir/enhancements/fy0625/2005049400-t.html">http://www.loc.gov/catdir/enhancements/fy0625/2005049400-t.html</a> |
| 856 42 - ELECTRONIC LOCATION AND ACCESS | |
| Materials specified | Contributor biographical information |
| Uniform Resource Identifier | <a href="http://www.loc.gov/catdir/enhancements/fy0648/2005049400-b.html">http://www.loc.gov/catdir/enhancements/fy0648/2005049400-b.html</a> |
| 942 ## - ADDED ENTRY ELEMENTS (KOHA) | |
| Source of classification or shelving scheme | Dewey Decimal Classification |
| Item type | NB - Book (Non borrowing) |
| Withdrawn status | Item status | Source of classification or shelving scheme | Damaged status | Not for loan | Vendor | Home library | Current library | Shelving location | Date acquired | Source of acquisition | Total Checkouts | Full call number | Barcode | Date last seen | Koha item type | Total Renewals | Date last borrowed |
|---|---|---|---|---|---|---|---|---|---|---|---|---|---|---|---|---|---|
| Dewey Decimal Classification | Baccah | Central Library | Central Library | First floor | 28/02/2010 | 621.38224 PAU | 000020005 | 15/07/2025 | NB - Book (Non borrowing) | ||||||||
| Dewey Decimal Classification | Baccah | Central Library | Central Library | First floor | 28/02/2010 | 5 | 621.38224 PAU | 000020000 | 15/07/2025 | Book - Borrowing | 44 | 16/08/2018 | |||||
| Dewey Decimal Classification | Baccah | Central Library | Central Library | First floor | 28/02/2010 | 10 | 621.38224 PAU | 000020004 | 15/07/2025 | Book - Borrowing | 79 | 16/10/2018 | |||||
| Dewey Decimal Classification | Baccah | Central Library | Central Library | First floor | 28/02/2010 | 1 | 621.38224 PAU | 000020009 | 24/08/2022 | CD | DVD - With book | 23/02/2015 | ||||||
| Dewey Decimal Classification | Baccah | Central Library | Central Library | First floor | 28/02/2010 | 621.38224 PAU | 000020010 | 24/08/2022 | CD | DVD - With book | ||||||||
| Dewey Decimal Classification | Baccah | Central Library | Central Library | First floor | 28/02/2010 | 621.38224 PAU | 000020011 | 24/08/2022 | CD | DVD - With book (NB) |